000 00884cam a22002894a 4500
001 14066938
003 OSt
005 20161010183301.0
008 050808s2005 enka b 001 0 eng
010 _a 2005931921
020 _a9781846280559
020 _a1846280559
040 _aDLC
_cDLC
_dDLC
042 _apcc
050 0 0 _aTJ223.M53
_bL36 2006
082 0 0 _a005.72
_222
_bLAN 2006
100 1 _aLandau, Ioan D.; Zito, Gianluca.
_98623
245 1 0 _aDigital control systems :
_bdesign, identification and implementation
250 _a1st ed.
260 _aNew York;
_bSpringer,
_c2006.
300 _axxiv, 484 p. :
_bill. ;
_c24 cm.
440 0 _aCommunications and control engineering
_98624
504 _aIncludes bibliographical references and index.
650 0 _aDigital systems
_98625
906 _a7
_bcbc
_corignew
_d2
_eepcn
_f20
_gy-gencatlg
942 _2ddc
_cSLOAN
999 _c3936
_d3936